| 000 -ლიდერი |
| ფიქსირებული სიგრძის საკონტროლო ველი |
01458nam a2200265Ia 4500 |
| 001 - საკონტროლო ნომერი |
| საკონტროლო ველი |
22271 |
| 003 - საკონტროლო ნომრის იდენტიფიკატორი |
| საკონტროლო ველი |
GE_BSU |
| 005 - ბოლო ოპერაციის თარიღი და დრო |
| საკონტროლო ველი |
20230223124617.0 |
| 008 - ფიქსირებული სიგრძის მონაცემთა ელემენტები - ზოგადი ინფორმაცია |
| ფიქსირებული სიგრძის საკონტროლო ველი |
181216s2016||||ge |||||||||||||| ||geo|| |
| 020 ## - წიგნის საერთაშორისო სტანდარტული ნომერი |
| International Standard Book Number |
9789941135392 |
| 040 ## - კატალოგიზაციის წყარო |
| Transcribing agency |
GE_BSU |
| 041 ## - ენის კოდი |
| Language code of text/sound track or separate title |
geo |
| 080 ## - უნივერსალური ათობითი კლასიფიკაციის ინდექსი |
| Universal Decimal Classification number |
81'374(038)=353.1'35 მ-30 |
| 245 ## - ცნობა სათაურის შესახებ |
| Title |
მართლწერის ლექსიკონი მედიისათვის / |
| Remainder of title |
რედაქტორი თამარ ვაშაკიძე ; ლექსიკონზე მუშაობდნენ : თამარ ვაშაკიძე, თეა ბურჭულაძე, მაკა ლაბარტყავა და სხვები. |
| 264 ## - წარმოების, გამოცემის, დისტრიბუციის და სხვა ცნობები |
| გამოცემის, წარმოების, დისტრიბუციის... ადგილი |
თბილისი : |
| გამოცემის, წარმოების, დისტრიბუციის... სახელწოდება |
თბილ. უნ-ტის გამ-ბა, |
| გამოცემის, წარმოების, დისტრიბუციის... თარიღი |
2016. |
| 300 ## - ფიზიკური აღწერა |
| Extent |
557 გვ. ; |
| Dimensions |
21სმ. |
| 500 ## - ზოგადი შენიშვნა |
| General note |
პარალელური სათაური ინგლისურ ენაზე |
| 653 ## - INDEX TERM--UNCONTROLLED |
| Uncontrolled term |
მართლწერის ლექსიკონი მედიისათვის |
| 653 ## - INDEX TERM--UNCONTROLLED |
| Uncontrolled term |
მედია |
| 653 ## - INDEX TERM--UNCONTROLLED |
| Uncontrolled term |
ჟურნალისტიკა |
| 700 ## - ADDED ENTRY--PERSONAL NAME |
| Personal name |
ვაშაკიძე, თამარ |
| Relator term |
რედაქტორი |
| 9 (RLIN) |
17013 |
| 710 ## - ADDED ENTRY--CORPORATE NAME |
| Corporate name or jurisdiction name as entry element |
თსუ |
| Subordinate unit |
არნოლდ ჩიქობავას სახელობის ენათმეცნიერების ინსტიტუტი |
| 9 (RLIN) |
16724 |
| 942 ## - ADDED ENTRY ELEMENTS (KOHA) |
| Koha item type |
წიგნი |
| Source of classification or shelving scheme |
|